Normal view MARC view
  • Christensen, Larry B.,

Entry Personal Name

Number of records used in: 1

001 - CONTROL NUMBER

  • control field: 29508

003 - CONTROL NUMBER IDENTIFIER

  • control field: NUST

005 - DATE AND TIME OF LATEST TRANSACTION

  • control field: 20200827104405.0

008 - FIXED-LENGTH DATA ELEMENTS

  • fixed length control field: 200827|| aca||aabn | a|a d

040 ## - CATALOGING SOURCE

  • Original cataloging agency: NUST
  • Transcribing agency: NUST

100 ## - HEADING--PERSONAL NAME

  • Personal name: Christensen, Larry B.,
  • Dates associated with a name: 1941-
  • Title of a work: Experimental methodology.

670 ## - SOURCE DATA FOUND

  • Source citation: Work cat.: (NUST)0: Christensen, Larry B., 1941- 29504, Research methods, design, and analysis /, c2011.
© 2023 Central Library, National University of Sciences and Technology. All Rights Reserved.